[Event "SPICE Cup Open"]
[Site "St Louis, MO USA"]
[Date "2016.10.20"]
[EventDate "2016.10.17"]
[Round "6.7"]
[Result "1-0"]
[White "Samuel Sevian"]
[Black "Timur Gareyev"]
[WhiteElo "2591"]
[BlackElo "2615"]
[PlyCount "75"]

1. e4 e6 2. d4 d5 3. Nc3 Nf6 4. Bg5 dxe4 5. Nxe4 Nbd7 6. Nxf6+
gxf6 7. Bh4 Be7 8. Qd2 Nb6 9. Bg3 c5 10. Nf3 Qd5 11. dxc5 Qxc5
12. Bd3 Bd7 13. O-O Bc6 14. Qe2 h5 15. a3 O-O-O 16. b4 Bxf3
17. Qxf3 Qc3 18. Rab1 h4 19. Rb3 Qd4 20. Bf4 Nd5 21. Bc1 Rhg8
22. c4 Nb6 23. Be4 Nxc4 24. Bxb7+ Kb8 25. Ba6 Rd5 26. Rc3 Ne5
27. Bf4 Bd6 28. Bxe5 Bxe5 29. Rfc1 Qxc3 30. Rxc3 Bxc3 31. Qxc3
Rd1+ 32. Bf1 Rc8 33. Qh3 Rcc1 34. g3 Rxf1+ 35. Qxf1 Rxf1+
36. Kxf1 h3 37. Ke2 Kc7 38. Kf3 1-0

[Event "SPICE Cup Open"]
[Site "St Louis, MO USA"]
[Date "2016.10.21"]
[EventDate "2016.10.17"]
[Round "7.9"]
[Result "1-0"]
[White "Timur Gareyev"]
[Black "Srivatshav P Rahul"]
[WhiteElo "2615"]
[BlackElo "2277"]
[PlyCount "80"]

1. d4 Nf6 2. c4 g6 3. Nc3 Bg7 4. e4 d6 5. Be2 O-O 6. Nf3 e5
7. O-O Nc6 8. d5 Ne7 9. Bd2 Ne8 10. Rc1 f5 11. exf5 gxf5
12. Ng5 c6 13. Qb3 Nc7 14. f4 h6 15. Nh3 e4 16. Kh1 Kh7
17. Be3 c5 18. Rcd1 Bd7 19. Nf2 Rb8 20. a4 b6 21. g4 a6
22. Qc2 b5 23. axb5 axb5 24. b3 bxc4 25. bxc4 Rb4 26. gxf5
Nxf5 27. Nfxe4 Kh8 28. Qd2 Qh4 29. Bf2 Qh3 30. Rg1 Nd4 31. Rg3
Qf5 32. Rxg7 Nb3 33. Qe3 Kxg7 34. Nxd6 Qf6 35. Rg1+ Kh8
36. Nce4 Qb2 37. f5 Kh7 38. f6 Rxf6 39. Nxf6+ Qxf6 40. Bd3+
Kh8 1-0

[Event "SPICE Cup Open"]
[Site "St Louis, MO USA"]
[Date "2016.10.21"]
[EventDate "2016.10.17"]
[Round "8.7"]
[Result "0-1"]
[White "Awonder Liang"]
[Black "Timur Gareyev"]
[WhiteElo "2478"]
[BlackElo "2615"]
[PlyCount "134"]

1. e4 e5 2. Nf3 Nc6 3. Bb5 a6 4. Ba4 Nf6 5. O-O Be7 6. Re1 b5
7. Bb3 d6 8. c3 O-O 9. h3 Bb7 10. d4 Re8 11. Ng5 Rf8 12. Nf3
h6 13. Nbd2 Re8 14. a3 Bf8 15. Ba2 Nb8 16. Qb3 Qd7 17. Qc2 c5
18. b4 c4 19. d5 a5 20. Nf1 Na6 21. Bd2 Nc7 22. Rad1 axb4
23. axb4 g6 24. Ng3 Bg7 25. Bb1 Ra1 26. Rf1 Qe7 27. Kh1 Nd7
28. Be3 Rea8 29. Qd2 h5 30. Bg5 Bf6 31. Be3 Ne8 32. Ng5 Ng7
33. h4 Ne8 34. Ne2 R8a3 35. Qe1 Bg7 36. Bc2 Rxd1 37. Qxd1 Nef6
38. Qc1 Ra2 39. Ng3 Ng4 40. Bd2 Nf8 41. Bb1 Ra1 42. Qb2 Ra6
43. Bc2 f6 44. Nh3 Bc8 45. Qc1 Kh7 46. f3 Nh6 47. f4 Bxh3
48. gxh3 exf4 49. Bxf4 Nf7 50. Ne2 Ne5 51. Nd4 Qd7 52. Kg2 Kg8
53. Qb2 Qb7 54. Ra1 Rxa1 55. Qxa1 f5 56. Qd1 fxe4 57. Bxe4 Nd3
58. Bxd3 cxd3 59. Nc6 Qf7 60. Kg3 Bf6 61. Bg5 Bxc3 62. Qxd3
Be1+ 63. Kg2 Qf2+ 64. Kh1 Bxb4 65. Qxb5 Qf3+ 66. Kh2 Be1
67. Qb2 Bf2 0-1

[Event "SPICE Cup Open"]
[Site "St Louis, MO USA"]
[Date "2016.10.22"]
[EventDate "2016.10.17"]
[Round "9.4"]
[Result "1-0"]
[White "Timur Gareyev"]
[Black "Kannappan Priyadharshan"]
[WhiteElo "2615"]
[BlackElo "2525"]
[PlyCount "61"]

1. Nf3 Nf6 2. c4 c5 3. b3 g6 4. Bb2 Bg7 5. e3 O-O 6. Be2 Nc6
7. O-O d5 8. cxd5 Qxd5 9. Nc3 Qf5 10. Rc1 Rd8 11. a3 b6 12. b4
cxb4 13. Nb5 bxa3 14. Bxa3 Bb7 15. Nbd4 Nxd4 16. Nxd4 Qd5
17. Bf3 Qd7 18. Nc6 Re8 19. d4 Nd5 20. Ne5 Qe6 21. e4 Nf6
22. Nc6 Qd7 23. d5 e6 24. Ne5 Qd8 25. d6 Nxe4 26. Nxf7 Qf6
27. d7 Reb8 28. Bxe4 Bxe4 29. Nd6 Bd5 30. Rc8+ Bf8 31. Qc2 1-0

[Event "Gareyev Blindfold Simul"]
[Site "Las Vegas USA"]
[Date "2016.12.03"]
[EventDate "2016.12.03"]
[Round "1.4"]
[Result "0-1"]
[White "Thomas Brownscombe"]
[Black "Timur Gareyev"]
[WhiteElo "2149"]
[BlackElo "2618"]
[PlyCount "36"]

1. e4 e5 2. Nf3 Nc6 3. Bb5 a6 4. Ba4 Nf6 5. O-O Bc5 6. Re1 Ng4
7. Re2 O-O 8. c3 d5 9. exd5 e4 10. dxc6 exf3 11. gxf3 Nxh2
12. Re5 Qf6 13. Rxc5 Nxf3+ 14. Kg2 Bh3+ 15. Kxh3 Qh4+ 16. Kg2
Qg4+ 17. Kf1 Nh2+ 18. Ke1 Rfe8+ 0-1

[Event "Gareyev Blindfold Simul"]
[Site "Las Vegas USA"]
[Date "2016.12.03"]
[EventDate "2016.12.03"]
[Round "1.7"]
[Result "0-1"]
[White "Timur Gareyev"]
[Black "Marius-Gabriel Lucan"]
[WhiteElo "2618"]
[BlackElo "1834"]
[PlyCount "40"]

1. Nf3 b6 2. e4 Bb7 3. Nc3 h6 4. d4 g6 5. Bc4 Bg7 6. O-O e6
7. d5 Ne7 8. Bf4 exd5 9. Bxd5 Nbc6 10. Qd2 g5 11. Bg3 d6
12. Rfe1 Nxd5 13. exd5+ Ne7 14. h4 g4 15. Nd4 O-O 16. Re4 h5
17. Qg5 Nxd5 18. Qxh5 Nf6 19. Qf5 Bxe4 20. Qxe4 Nxe4 0-1

[Event "Gareyev Blindfold Simul"]
[Site "Las Vegas USA"]
[Date "2016.12.03"]
[EventDate "2016.12.03"]
[Round "1.10"]
[Result "1/2-1/2"]
[White "Simone Sobel"]
[Black "Timur Gareyev"]
[WhiteElo "1875"]
[BlackElo "2618"]
[PlyCount "85"]

1. d4 f5 2. c4 e6 3. g3 Nf6 4. Bg2 Bb4+ 5. Bd2 Qe7 6. Nf3 O-O
7. O-O Bxd2 8. Nbxd2 d6 9. Qc2 Nc6 10. e4 f4 11. d5 Ne5
12. Nxe5 dxe5 13. Qc3 exd5 14. cxd5 Bg4 15. Rfe1 fxg3 16. hxg3
Nd7 17. Rac1 Rac8 18. Qe3 Nb6 19. Rc2 c6 20. Rec1 Bd7 21. Nc4
Nxc4 22. Rxc4 Ra8 23. Qb3 Qf6 24. R4c2 cxd5 25. Qxb7 Rad8
26. exd5 a5 27. Qa7 h5 28. Rc4 Bb5 29. Rc7 h4 30. gxh4 e4
31. Qc5 Bd3 32. h5 Kh8 33. Qe3 Rxd5 34. R1c6 Rd6 35. Rxd6 Qxd6
36. Qc5 Qf6 37. Rc8 Rxc8 38. Qxc8+ Kh7 39. Qe8 Qf5 40. b3 Qg5
41. Kh2 Qh4+ 42. Kg1 Qg4 43. Qe5 1/2-1/2

[Event "Gareyev Blindfold Simul"]
[Site "Las Vegas USA"]
[Date "2016.12.03"]
[EventDate "2016.12.03"]
[Round "1.21"]
[Result "0-1"]
[White "Timur Gareyev"]
[Black "Steve Merwin"]
[WhiteElo "2618"]
[BlackElo "1967"]
[PlyCount "46"]

1. d4 d5 2. c4 Nc6 3. Nc3 dxc4 4. d5 Ne5 5. f4 Ng4 6. h3 N4f6
7. e4 e6 8. Nf3 exd5 9. e5 c6 10. exf6 Nxf6 11. Ne5 Bc5
12. Bxc4 Bf5 13. Bd3 Ne4 14. Nf3 O-O 15. Bxe4 Re8 16. g4 Bxe4
17. Kf1 Bxf3 18. Qxf3 d4 19. Ne4 Qd5 20. Nd2 Qd7 21. Nb3 Bb6
22. a4 Qe6 23. a5 Qe1+ 0-1

[Event "Gareyev Blindfold Simul"]
[Site "Las Vegas USA"]
[Date "2016.12.03"]
[EventDate "2016.12.03"]
[Round "1.47"]
[Result "1-0"]
[White "Timur Gareyev"]
[Black "James Jorasch"]
[WhiteElo "2618"]
[BlackElo "1943"]
[PlyCount "95"]

1. e4 c5 2. Nf3 d6 3. d4 cxd4 4. Nxd4 Nf6 5. f3 e5 6. Bb5+ Bd7
7. Bxd7+ Qxd7 8. Nf5 d5 9. Bg5 dxe4 10. Bxf6 Qxd1+ 11. Kxd1
gxf6 12. fxe4 Nc6 13. Nc3 O-O-O+ 14. Nd5 Nb4 15. c4 Nd3
16. Kc2 Nb4+ 17. Kc3 Nxd5+ 18. cxd5 Rg8 19. g3 Kd7 20. Kd3 Rc8
21. Rhc1 Rxc1 22. Rxc1 Bd6 23. Ke3 Rg5 24. Kf3 Rg8 25. g4 Rd8
26. h4 Rg8 27. Rg1 Rc8 28. g5 Be7 29. gxf6 Bxf6 30. Ne3 Bxh4
31. Rg7 Rf8 32. Nf5 Bf6 33. Rxh7 Be7 34. Nh6 Ke8 35. Ng4 Bd6
36. Rh6 f5 37. Re6+ Kd8 38. Rxd6+ Kc7 39. Re6 fxg4+ 40. Kg2
Kd7 41. Rxe5 Rf4 42. Kg3 Rf1 43. Kxg4 Rf2 44. Rf5 Rxb2 45. Kf4
Ke7 46. Ke5 Rxa2 47. d6+ Ke8 48. Ke6 1-0

[Event "Gareyev Blindfold Simul"]
[Site "Las Vegas USA"]
[Date "2016.12.03"]
[EventDate "2016.12.03"]
[Round "1.48"]
[Result "1-0"]
[White "Bjorn Rost"]
[Black "Timur Gareyev"]
[WhiteElo "1918"]
[BlackElo "2618"]
[PlyCount "50"]

1. g3 d5 2. Bg2 e5 3. Nf3 e4 4. Nd4 c5 5. Nb3 Nc6 6. d3 f5
7. dxe4 dxe4 8. c4 Qxd1+ 9. Kxd1 Be6 10. Be3 O-O-O+ 11. N1d2
b6 12. f3 Ne5 13. fxe4 Nxc4 14. Bg5 Be7 15. Bxe7 Nxe7 16. Ke1
Ne3 17. Bf3 Nc2+ 18. Kf2 Nxa1 19. Rxa1 Rhf8 20. e5 Ng6 21. Rc1
Nxe5 22. Nxc5 Ng4+ 23. Ke1 bxc5 24. Rxc5+ Kd7 25. Ra5 Rc8 1-0

[Event "PRO Chess League (Pacific)"]
[Site "chess.com INT"]
[Date "2017.01.11"]
[EventDate "2017.01.11"]
[Round "1"]
[Result "0-1"]
[White "Carlos Antonio Hevia Alejano"]
[Black "Timur Gareyev"]
[WhiteElo "2496"]
[BlackElo "2617"]
[PlyCount "94"]

1. d4 Nf6 2. Nf3 b6 3. Bf4 Bb7 4. c4 e6 5. Nc3 Bb4 6. Qc2 Ne4
7. Nd2 Bxc3 8. bxc3 Nxd2 9. Bxd2 Qh4 10. g3 Qe4 11. Qxe4 Bxe4
12. f3 Bb7 13. Rb1 d6 14. e4 c5 15. Bf4 Ke7 16. d5 Nd7 17. Kd2
Ba6 18. a4 f6 19. h4 g6 20. Ke3 h6 21. dxe6 Nf8 22. Rd1 Rd8
23. Rh2 Nxe6 24. Rhd2 Nxf4 25. gxf4 Bb7 26. a5 bxa5 27. Ra1
Rb8 28. Rxa5 a6 29. Rb2 Kd7 30. Bh3+ Kc7 31. Be6 Rhe8 32. f5
gxf5 33. Bxf5 Ra8 34. Kf4 Bc6 35. Bg6 Re5 36. Bf7 f5 37. exf5
Bxf3 38. Be6 Bc6 39. Kg4 Be4 40. Rf2 Rf8 41. Rf4 Bb7 42. Ra2
Rf6 43. Rb2 Be4 44. Rff2 h5+ 45. Kg5 Rfxe6 46. Rbe2 Rxf5+
47. Rxf5 Bxf5 0-1

[Event "PRO Chess League (Pacific)"]
[Site "chess.com INT"]
[Date "2017.01.11"]
[EventDate "2017.01.11"]
[Round "1"]
[Result "1/2-1/2"]
[White "Felix Jose Ynojosa Aponte"]
[Black "Timur Gareyev"]
[WhiteElo "2399"]
[BlackElo "2617"]
[PlyCount "80"]

1. c4 b6 2. Nc3 Bb7 3. d4 e6 4. Nf3 Bb4 5. e3 Nf6 6. Bd3 Ne4
7. Qc2 f5 8. O-O Bxc3 9. bxc3 O-O 10. Nd2 Nxd2 11. Bxd2 Qh4
12. f3 d6 13. e4 fxe4 14. fxe4 Nd7 15. h3 Nf6 16. Rae1 Nh5
17. Qc1 e5 18. c5 dxc5 19. dxc5 Kh8 20. Bg5 Qg3 21. Qe3 Qxe3+
22. Bxe3 Rxf1+ 23. Rxf1 Nf6 24. Bg5 Bxe4 25. Rxf6 Bxd3 26. Rf7
Rc8 27. Re7 h6 28. Be3 Bc4 29. a3 Kg8 30. Rxe5 Kf7 31. Re4 Bd3
32. Rd4 Bb5 33. Rf4+ Ke6 34. Bd4 Rg8 35. Re4+ Kd7 36. h4 Re8
37. Rg4 g5 38. hxg5 hxg5 39. Rxg5 Bc4 40. g4 Rg8 1/2-1/2

[Event "PRO Chess League (Pacific)"]
[Site "chess.com INT"]
[Date "2017.01.11"]
[EventDate "2017.01.11"]
[Round "1"]
[Result "0-1"]
[White "Timur Gareyev"]
[Black "Guillermo Vazquez"]
[WhiteElo "2617"]
[BlackElo "2437"]
[PlyCount "32"]

1. e4 c6 2. d4 d5 3. Nc3 dxe4 4. f3 exf3 5. Nxf3 Nf6 6. Bc4
Bf5 7. Ne5 e6 8. g4 Nfd7 9. Bf4 Nxe5 10. Bxe5 Qh4+ 11. Bg3
Qxg4 12. Be2 Qg5 13. Rf1 Nd7 14. Bf3 Bb4 15. Qe2 Nf6 16. Qe3
Qxe3+ 0-1

[Event "PRO Chess League (Pacific)"]
[Site "chess.com INT"]
[Date "2017.01.11"]
[EventDate "2017.01.11"]
[Round "1"]
[Result "1/2-1/2"]
[White "Timur Gareyev"]
[Black "Vladimir Belous"]
[WhiteElo "2617"]
[BlackElo "2564"]
[PlyCount "91"]

1. d4 Nf6 2. Bg5 e6 3. e3 c5 4. Nd2 Nc6 5. c3 Be7 6. Bd3 b6
7. Ngf3 h6 8. Bh4 Bb7 9. O-O d6 10. Qe2 g5 11. Bg3 h5 12. h4
gxh4 13. Bxh4 Ng4 14. Bxe7 Qxe7 15. Ba6 O-O-O 16. a4 Rdg8
17. a5 Nxa5 18. b4 cxb4 19. cxb4 Nc6 20. Bxb7+ Kxb7 21. Nc4
Rc8 22. Ra4 d5 23. Nce5 Ngxe5 24. dxe5 Nxb4 25. Nd4 a6 26. Qf3
Rc4 27. Rb1 Rhc8 28. Raxb4 Rxb4 29. Rxb4 Qxb4 30. Qxf7+ Rc7
31. Qxe6 Qe1+ 32. Kh2 Qxf2 33. Qxd5+ Kb8 34. Qd8+ Kb7 35. Qd5+
Ka7 36. Nc6+ Ka8 37. Na5+ Ka7 38. Nc6+ Kb7 39. Ne7+ Kb8
40. Qd8+ Kb7 41. Qd5+ Ka7 42. Nc6+ Ka8 43. Na5+ Ka7 44. Nc6+
Kb7 45. Ne7+ Ka7 46. Nc6+ 1/2-1/2

[Event "PRO Chess League (Pacific)"]
[Site "chess.com INT"]
[Date "2017.01.25"]
[EventDate "2017.01.11"]
[Round "3"]
[Result "0-1"]
[White "Edward Song"]
[Black "Timur Gareyev"]
[WhiteElo "2299"]
[BlackElo "2617"]
[PlyCount "122"]

1. d4 Nf6 2. c4 e6 3. Nf3 b6 4. g3 Ba6 5. Qc2 Bb7 6. Bg2 c5
7. d5 exd5 8. cxd5 Nxd5 9. O-O Nc6 10. Rd1 Be7 11. Qa4 Nc7
12. Bf4 Ne6 13. Nc3 O-O 14. Rd2 Nxf4 15. gxf4 d6 16. Rad1 Qb8
17. Nd5 Bd8 18. Ne3 Ne7 19. Ng5 Bxg2 20. Kxg2 Ng6 21. Nf3 b5
22. Qe4 Ba5 23. Rd3 c4 24. Rxd6 Bb4 25. Rd7 Qxf4 26. Qd5 a6
27. Rd4 Qf6 28. Kf1 Rae8 29. Ng4 Qb6 30. Rb7 Qe6 31. Qxe6 Rxe6
32. b3 cxb3 33. axb3 Bc5 34. Rd5 Be7 35. e3 h6 36. h3 Bf6
37. Rf5 Bb2 38. Rd5 f5 39. Ngh2 f4 40. Rd3 fxe3 41. Rxe3 Rxe3
42. fxe3 Be5 43. Kg2 Bxh2 44. Nxh2 Nh4+ 45. Kg3 Nf5+ 46. Kg2
Nxe3+ 47. Kg3 Nf5+ 48. Kg2 Ne3+ 49. Kg3 Nf1+ 50. Nxf1 Rxf1
51. Rb6 Rf6 52. Rb8+ Kh7 53. Kg4 Kg6 54. Rb7 h5+ 55. Kg3 Kh6
56. h4 Rg6+ 57. Kh3 Rd6 58. Kg2 g6 59. Kf2 Rd4 60. Kg3 Rd3+
61. Kg2 Rxb3 0-1

[Event "PRO Chess League (Pacific)"]
[Site "chess.com INT"]
[Date "2017.01.25"]
[EventDate "2017.01.11"]
[Round "3"]
[Result "0-1"]
[White "Grant Y Xu"]
[Black "Timur Gareyev"]
[WhiteElo "2193"]
[BlackElo "2617"]
[PlyCount "114"]

1. e4 e5 2. Nf3 Nc6 3. Bc4 Bc5 4. c3 Nf6 5. d3 d6 6. Bb3 a6
7. Nbd2 O-O 8. Nf1 Ng4 9. Ne3 Nxe3 10. Bxe3 Bxe3 11. fxe3 Na5
12. O-O Nxb3 13. Qxb3 b5 14. d4 Be6 15. Qc2 c5 16. Rad1 Qc7
17. d5 Bd7 18. Nh4 Qd8 19. Nf5 g6 20. Ng3 Qg5 21. Rde1 h5
22. Rf2 h4 23. Nf1 h3 24. Kh1 hxg2+ 25. Rxg2 Qh4 26. Rg3 Kg7
27. Kg1 Rh8 28. Re2 Rh5 29. Nd2 Rah8 30. Nf3 Qe7 31. Reg2 Rh3
32. Qf2 R8h5 33. Rxh3 Bxh3 34. Rg3 Qf6 35. a4 bxa4 36. Qe2 Bc8
37. Nd2 Qh4 38. Qg2 Bh3 39. Qe2 Bd7 40. Qg2 Bb5 41. c4 Bd7
42. Qf2 Rg5 43. Rxg5 Qxg5+ 44. Kf1 Qd8 45. h4 Qb6 46. Nf3 Qb3
47. Ng5 Qxc4+ 48. Kg1 f6 49. h5 fxg5 50. h6+ Kxh6 51. Qf8+ Kh5
52. Qf3+ g4 53. Qf7 Qc1+ 54. Kg2 Qd2+ 55. Kh1 Qe1+ 56. Kg2
Qe2+ 57. Kh1 Qf3+ 0-1

[Event "PRO Chess League (Pacific)"]
[Site "chess.com INT"]
[Date "2017.01.25"]
[EventDate "2017.01.11"]
[Round "3"]
[Result "1-0"]
[White "Timur Gareyev"]
[Black "David A Hua"]
[WhiteElo "2617"]
[BlackElo "2285"]
[PlyCount "107"]

1. d4 Nf6 2. Bg5 d5 3. Nd2 e6 4. e3 Be7 5. Bd3 Nbd7 6. f4 b6
7. Ngf3 Bb7 8. Ne5 h6 9. Bh4 a6 10. O-O c5 11. f5 exf5
12. Bxf5 cxd4 13. Bxd7+ Nxd7 14. Nxf7 Bxh4 15. Nxd8 Kxd8
16. Nf3 Bf6 17. Nxd4 Re8 18. Nf5 Kc7 19. c4 Rad8 20. cxd5 Nc5
21. b4 Ne4 22. Rc1+ Kb8 23. d6 g6 24. d7 Re5 25. Ng3 Bg5
26. Nxe4 Rxe4 27. Qd6+ Ka7 28. Rc8 Bxe3+ 29. Kh1 Bf4 30. Qd3
Bg5 31. Rc7 Rxb4 32. Qd5 Rb8 33. d8=N Bxd8 34. Rxb7+ Rxb7
35. Qxd8 a5 36. Qd5 Rc7 37. h3 Rbc4 38. Rf6 Rc2 39. Rxg6 h5
40. a4 R2c4 41. Qd6 Rb7 42. Qd1 h4 43. Rg4 Rc6 44. Rxh4 Rbc7
45. Kh2 Rc2 46. Rg4 R2c3 47. Qd4 R3c5 48. Qe4 Rd7 49. Qf4 Kb7
50. Rg5 Rc3 51. Rf5 Rd1 52. Rf7+ Ka6 53. Qe4 Rd8 54. Qb7# 1-0

[Event "PRO Chess League (Pacific)"]
[Site "chess.com INT"]
[Date "2017.02.01"]
[EventDate "2017.01.11"]
[Round "4"]
[Result "0-1"]
[White "Timur Gareyev"]
[Black "Bryan G Smith"]
[WhiteElo "2617"]
[BlackElo "2423"]
[PlyCount "112"]

1. d4 Nf6 2. Bg5 Ne4 3. Bf4 c5 4. d5 Qb6 5. Nd2 Qxb2 6. Nxe4
Qb4+ 7. c3 Qxe4 8. e3 g5 9. f3 Qg6 10. Bg3 Bg7 11. Rc1 d6
12. Bd3 f5 13. Qc2 Qf7 14. c4 f4 15. Bf2 Nd7 16. Nh3 Qf6
17. Bf5 Ne5 18. Bxc8 Rxc8 19. O-O O-O 20. Rfe1 g4 21. exf4
Nxf3+ 22. gxf3 gxh3 23. Bg3 Rf7 24. Re6 Qb2 25. Qxb2 Bxb2
26. Rb1 Bd4+ 27. Kf1 b6 28. Ke2 Bf6 29. a4 Rg7 30. f5 Kf7
31. f4 h5 32. Rb3 h4 33. Bf2 Rg2 34. Rxh3 Bd4 35. Rf3 Rxh2
36. Rh6 Rg8 37. Rxh4 Rgg2 38. Rxh2 Rxh2 39. Kf1 Bxf2 40. Rxf2
Rh1+ 41. Ke2 Ra1 42. Kd3 Ra3+ 43. Ke4 Rxa4 44. Kd3 Ra3+
45. Ke4 Rc3 46. Rh2 Rxc4+ 47. Kf3 Rd4 48. Rh7+ Kf6 49. Rh6+
Kxf5 50. Rh5+ Kf6 51. Ke3 Rd1 52. Ke4 b5 53. Rh8 Rd4+ 54. Ke3
Rxd5 55. Ra8 c4 56. Rxa7 c3 0-1

[Event "PRO Chess League (Pacific)"]
[Site "chess.com INT"]
[Date "2017.02.01"]
[EventDate "2017.01.11"]
[Round "4"]
[Result "0-1"]
[White "Richard Costigan"]
[Black "Timur Gareyev"]
[WhiteElo "2301"]
[BlackElo "2617"]
[PlyCount "107"]

1. d4 Nf6 2. Nf3 e6 3. Nbd2 d5 4. e3 c5 5. c4 cxd4 6. Nxd4 e5
7. N4f3 e4 8. Nd4 Nc6 9. Nxc6 bxc6 10. cxd5 cxd5 11. Bb5+ Bd7
12. Be2 Bd6 13. O-O h5 14. f4 exf3 15. Nxf3 O-O 16. Nd4 Qc7
17. h3 Bh2+ 18. Kh1 Ne4 19. Rf3 Rae8 20. Bd3 Bd6 21. Bxe4 dxe4
22. Rf1 Qc5 23. Ne2 Qe5 24. Nf4 g5 25. Qxh5 gxf4 26. Qxe5 Bxe5
27. exf4 Bf6 28. Be3 Bxb2 29. Rab1 Bf6 30. Rb7 Be6 31. Rxa7
Ra8 32. a3 Rxa7 33. Bxa7 Rc8 34. Re1 Rc4 35. Re3 Bc3 36. Kh2
f5 37. Rg3+ Kf7 38. Be3 Bf6 39. h4 Bxh4 40. Rh3 Bf6 41. Rh7+
Bg7 42. Kg3 Kg6 43. Rh1 Rc3 44. Kf2 Rc2+ 45. Kg3 Re2 46. Bc5
Rc2 47. Bb4 e3 48. Kf3 Bd4 49. Rd1 Rc4 50. Re1 Bd5+ 51. Ke2
Be4 52. g3 Kh5 53. Rh1+ Bxh1 54. Be1 0-1

[Event "3rd Chinggis Invitational"]
[Site "Burlingame USA"]
[Date "2017.02.24"]
[EventDate "2017.02.22"]
[Round "5"]
[Result "1-0"]
[White "Samuel Shankland"]
[Black "Timur Gareyev"]
[WhiteElo "2674"]
[BlackElo "2617"]
[PlyCount "76"]

1. d4 Nf6 2. c4 g6 3. Nc3 d5 4. Bg5 Bg7 5. Bxf6 Bxf6 6. cxd5
c6 7. e4 O-O 8. e5 Bg7 9. Bc4 cxd5 10. Bxd5 Nc6 11. Nge2 Bg4
12. f3 Bf5 13. Qd2 Na5 14. b3 Rc8 15. Rc1 e6 16. Be4 Bxe4
17. Nxe4 Rxc1+ 18. Qxc1 Nc6 19. Qc5 Qh4+ 20. g3 Qh6 21. Kf2
Rd8 22. h4 Bf8 23. Qc3 Be7 24. Qe3 Qxe3+ 25. Kxe3 Nb4 26. Rc1
Nd5+ 27. Kf2 h5 28. f4 Kf8 29. Kf3 a5 30. a4 Rb8 31. N4c3 Nb4
32. Nb5 Nc6 33. Rc4 Rd8 34. Nec3 f6 35. Ne4 fxe5 36. fxe5 Kg7
37. Nbd6 Rf8+ 38. Ke2 Rb8 1-0

[Event "3rd Chinggis Invitational"]
[Site "Burlingame USA"]
[Date "2017.02.24"]
[EventDate "2017.02.22"]
[Round "6"]
[Result "1-0"]
[White "Timur Gareyev"]
[Black "Odondoo Ganbold"]
[WhiteElo "2617"]
[BlackElo "2319"]
[PlyCount "93"]

1. d4 g6 2. h4 Nf6 3. c3 d5 4. Bg5 Nbd7 5. Nd2 Bg7 6. e3 e5
7. h5 h6 8. Bh4 O-O 9. hxg6 fxg6 10. Qc2 Qe8 11. Bg3 c5
12. dxe5 Nxe5 13. Bxe5 Bf5 14. Bd3 Qxe5 15. Ngf3 Bxd3 16. Qxd3
Qe8 17. O-O-O Rd8 18. Rhe1 Ng4 19. Re2 b5 20. e4 c4 21. Qc2 b4
22. Nb1 h5 23. Rxd5 Bh6+ 24. Kd1 Rb8 25. cxb4 Rxb4 26. a3 Rb8
27. Qxc4 Kh8 28. Nc3 Rc8 29. Qd4+ Bg7 30. e5 Qe6 31. Ke1 Rxf3
32. gxf3 Nh2 33. Qd3 Rf8 34. Re3 Qh3 35. Rd8 Rxd8 36. Qxd8+
Kh7 37. Ne4 Qg2 38. Kd1 Nxf3 39. Kc2 Nxe5 40. Kb3 Nc6 41. Qd5
Nd4+ 42. Ka2 Qf1 43. Rg3 Nf5 44. Nf6+ Bxf6 45. Qf7+ Bg7
46. Qxg6+ Kg8 47. Qe8+ 1-0

[Event "3rd Chinggis Invitational"]
[Site "Burlingame USA"]
[Date "2017.02.25"]
[EventDate "2017.02.22"]
[Round "7"]
[Result "1/2-1/2"]
[White "Jeffery Xiong"]
[Black "Timur Gareyev"]
[WhiteElo "2674"]
[BlackElo "2617"]
[PlyCount "49"]

1. e4 e5 2. Nf3 Nc6 3. d4 exd4 4. Nxd4 Qf6 5. Nf3 Bb4+ 6. c3
Bc5 7. Be2 Nge7 8. Bg5 Qg6 9. O-O d6 10. b4 Bb6 11. Bh4 Bh3
12. Bg3 Be6 13. Nbd2 O-O 14. a4 a6 15. Nc4 Bxc4 16. Bxc4 Qxe4
17. Bd3 Qg4 18. Re1 Ng6 19. a5 Ba7 20. Ra4 Qh5 21. Ra2 Nce7
22. Be4 Rab8 23. Rae2 Nf5 24. Qd3 Nxg3 25. hxg3 1/2-1/2

[Event "3rd Chinggis Invitational"]
[Site "Burlingame USA"]
[Date "2017.02.25"]
[EventDate "2017.02.22"]
[Round "8"]
[Result "1/2-1/2"]
[White "Timur Gareyev"]
[Black "Aleksandr Shimanov"]
[WhiteElo "2617"]
[BlackElo "2642"]
[PlyCount "33"]

1. e4 c6 2. d4 d5 3. Nc3 dxe4 4. f3 exf3 5. Nxf3 Bg4 6. h3
Bxf3 7. Qxf3 e6 8. Bd2 Nf6 9. O-O-O Be7 10. g4 Qxd4 11. Nb5
Qb6 12. Be3 Qa5 13. Bd2 Qb6 14. Be3 Qa5 15. Bd2 Qb6 16. Be3 c5
17. Bf4 1/2-1/2